Determinación de los momentos de la estadistica cuasi-chicuadrado (Registro nro. 28358)

Detalles MARC
000 -LEADER
fixed length control field 00419 a2200109 4500
001 - CONTROL NUMBER
control field ART_23044
005 - DATE AND TIME OF LATEST TRANSACTION
control field 20260410161928.0
008 - FIXED-LENGTH DATA ELEMENTS--GENERAL INFORMATION
fixed length control field 260409a
100 1# - MAIN ENTRY--PERSONAL NAME
Personal name Mercado de Liserre, Mabel
245 10 - TITLE STATEMENT
Title Determinación de los momentos de la estadistica cuasi-chicuadrado
773 0# - HOST ITEM ENTRY
Title Revista de la Facultad de Ciencias Económicas de la Universidad de Cuyo
Related parts - Año XI, Nº 33 (sep./dic. 1959)
Record control number REV22981

No hay ítems disponibles.